[Event "Berlin Eckbauer op 20th"]
[Site "Berlin"]
[Date "2017.10.09"]
[Round "1"]
[White "Hecht, Uwe"]
[Black "Moeller, Hendrik"]
[Result "0-1"]
[WhiteElo "1767"]
[BlackElo "2279"]
[PlyCount "70"]
[EventDate "2017.10.09"]
[EventType "swiss"]
[EventRounds "7"]
[EventCountry "GER"]
[SourceTitle "CBM 189 Extra"]
[Source "ChessBase"]
[SourceDate "2019.06.03"]
[SourceVersion "1"]
[SourceVersionDate "2019.06.03"]
[SourceQuality "1"]

1. d4 d5 2. Bf4 c5 3. c3 Nc6 4. Nf3 Nf6 5. dxc5 g6 6. e3 Bg7 7. Nbd2 0-0 8. Be2 a5 9. Nd4 Nd7 10. 0-0 e5 11. Nxc6 bxc6 12. Bg3 Nxc5 13. Nf3 Re8 14. Rc1 Bf5 15. c4 d4 16. Nd2 d3 17. Bg4 Bxg4 18. Qxg4 f5 19. Qh3 Qf6 20. f3 Rab8 21. b3 a4 22. Rb1 axb3 23. axb3 Rb7 24. e4 Reb8 25. exf5 Qxf5 26. Qxf5 gxf5 27. Rfe1 Nxb3 28. Nxb3 Rxb3 29. Rbd1 Re8 30. Bf2 e4 31. fxe4 fxe4 32. Be3 Rc3 33. c5 Rc4 34. Kf2 Rf8+ 35. Kg3 Bd4 0-1

[Event "Berlin Eckbauer op 19th"]
[Site "Berlin"]
[Date "2016.11.21"]
[Round "6"]
[White "Bender, Sebastian1111"]
[Black "Hecht, Uwe"]
[Result "1/2-1/2"]
[WhiteElo "1896"]
[BlackElo "1788"]
[PlyCount "69"]
[EventDate "2016.10.10"]
[EventType "swiss"]
[EventRounds "7"]
[EventCountry "GER"]
[SourceTitle "EXT 2022"]
[Source "ChessBase"]
[SourceDate "2021.10.06"]
[SourceVersion "1"]
[SourceVersionDate "2021.10.06"]
[SourceQuality "1"]

1. e4 e6 2. d4 b6 3. Bd3 Bb7 4. Nf3 c5 5. 0-0 cxd4 6. Nxd4 Be7 7. Nc3 Nc6 8. Nxc6 dxc6 9. e5 Qc7 10. Qe2 0-0-0 11. a4 h5 12. a5 b5 13. Qf3 Nh6 14. a6 Ba8 15. Nxb5 Qb8 16. Nc3 g5 17. Re1 Rd4 18. Ra4 c5 19. Be4 g4 20. Bb7+ Bxb7 21. Qxb7+ Qxb7 22. axb7+ Kxb7 23. Bxh6 Rxh6 24. Rxd4 cxd4 25. Nb5 Bc5 26. Re4 Rh8 27. Nxd4 Rd8 28. c3 Bxd4 29. cxd4 Rc8 30. f3 Rc1+ 31. Kf2 gxf3 32. Kxf3 Rb1 33. Re2 Kc6 34. Ke4 Rf1 35. Rc2+ 1/2-1/2

[Event "Rhein Main op-A 19th"]
[Site "Bad Homburg"]
[Date "2016.05.28"]
[Round "5"]
[White "Rolf, Marco"]
[Black "Hecht, Uwe"]
[Result "1-0"]
[WhiteElo "2027"]
[BlackElo "1808"]
[PlyCount "75"]
[EventDate "2016.05.25"]
[EventType "swiss"]
[EventRounds "7"]
[EventCountry "GER"]
[SourceTitle "EXT 2017"]
[Source "ChessBase"]
[SourceDate "2016.10.25"]
[SourceVersion "1"]
[SourceVersionDate "2016.10.25"]
[SourceQuality "1"]

1. d4 c5 2. d5 d6 3. c4 e5 4. e4 Be7 5. Nf3 Nf6 6. Nc3 0-0 7. g3 Nbd7 8. Bg2 Ne8 9. 0-0 g6 10. Ne1 Ng7 11. Nd3 f5 12. f4 exf4 13. Bxf4 fxe4 14. Nxe4 Nf6 15. Ng5 Nfh5 16. Ne4 Nxf4 17. Nxf4 Nf5 18. Qd2 Nd4 19. Ne2 Nxe2+ 20. Qxe2 Bf5 21. Rae1 Rf7 22. g4 Bxe4 23. Rxf7 Kxf7 24. Qxe4 Qd7 25. Rf1+ Kg7 26. Qe6 Qe8 27. Re1 Kf8 28. Rf1+ Kg7 29. Re1 Kf8 30. g5 Rd8 31. Rf1+ Kg7 32. Re1 Kf8 33. Qh3 Kg8 34. Bf3 Kh8 35. Qe6 Rd7 36. Bg4 Rc7 37. Qf6+ Kg8 38. Be6+ 1-0